00546nam a22001937a 450000500170000001000130001702000230003003500130005303700160006604000120008208200160009410000130011024500500012326000420017327000600021530000280027565000380030365000110034120170124110043.0 aB-081282 c150.00a8175241799 aB-081282 bCen Lib/Ret aDPLbEN a796.41bKUM aKumar, N aPlay & learn :cby N. Kumarbweight lifting / aNew DelhibKhel Sahitya Kendra c2003 aH.O. 4267/3, Ansari Road, Daryaganj bNew Delhie110002 a108p. :c21cm(Hb)bill. aAthetic & outdor sports & games  aGames